Využitie imobilizovaných enzýmov pri príprave bioaktívnych látok dizertačná práca

Salvato in:
Dettagli Bibliografici
Autore principale: Micháliková, Silvia
Natura: Libro
Lingua:slovacco
Pubblicazione: Bratislava STU FCHPT 2016
Accesso online:Visualizza in OPAC
Tags: Aggiungi Tag
Nessun Tag, puoi essere il primo ad aggiungerne!!

MARC

LEADER 00000nam a2200000 a 4500
005 20260127134235.0
008 170327 2016 xo 001 0 slo d
035 |a vtls011620278 
039 9 |y 201703271151  |z mschk03 
040 |a STUSCHK1  |b slo  |c STUSCHK1  |e AACR2 
100 1 |a Micháliková, Silvia 
245 1 |a Využitie imobilizovaných enzýmov pri príprave bioaktívnych látok  |b dizertačná práca  |c Silvia Micháliková 
260 |a Bratislava  |b STU FCHPT  |c 2016 
300 |a 122 s.  |b il.  |c 25 cm 
500 |a Študijný program: biotechnológia 
500 |a Študijný odbor: biotechnológie 
500 |a Školiace pracovisko: Ústav biotechnológie 
500 |a Evid. číslo: FCHPT-19983-50637 
910 |a SCHK95 
999 |c 7580  |d 7580